曲名に「ワルツ」を含む東京メトロの発車メロディ - Statistics

General Stats
  • This quiz has been taken 72 times
  • The average score is 3 of 7
Answer Stats
Hint Answer % Correct
副都心線 おとぎのワルツ
78%
副都心線 不思議のワルツ
66%
東西線(車載) アゲハ蝶のワルツ
42%
千代田線 水のワルツ
41%
銀座線(車載) 小鳥のワルツ
39%
日比谷線 黄金虫のワルツ
31%
有楽町線 アンブレラ・ワルツ
24%
No matching quizzes found
Score Distribution
Percent of People with Each Score
Percentile by Number Answered
Your Score History
You have not taken this quiz